|
|
|
|
| LEADER |
01627nam a2200301 a 4500 |
| 001 |
17123 |
| 003 |
BD-DhAAL |
| 008 |
090330s2007 njua b 001 0 eng d |
| 999 |
|
|
|c 51
|d 51
|
| 010 |
|
|
|a 98038880
|
| 020 |
|
|
|a 9788120330443
|
| 040 |
|
|
|a DLC
|c DLC
|d DLC
|d BD-DhAAL
|
| 082 |
0 |
0 |
|a 658.83
|2 21
|
| 100 |
1 |
|
|a Malhotra, Naresh K.
|9 41185
|
| 245 |
1 |
0 |
|a Marketing research :
|b an applied orientation /
|c Naresh K. Malhotra.
|
| 250 |
|
|
|a Fifth edition
|
| 260 |
|
|
|a New Delhi:
|b Prentice Hall of India Private Limited,
|c c2007.
|
| 300 |
|
|
|a xxviii, 811, [61] pages :
|b illustrations ;
|c 27 cm.
|
| 504 |
|
|
|a Includes bibliographical references (pages N1-N34) and index.
|
| 541 |
1 |
|
|e 17123, 17124, 17125, 17126
|
| 650 |
|
0 |
|a Marketing research.
|9 41186
|
| 650 |
|
0 |
|a Marketing research
|x Methodology.
|9 41187
|
| 852 |
|
|
|a Ayesha Abed Library
|j General Stacks
|
| 942 |
|
|
|2 ddc
|c BK
|
| 952 |
|
|
|0 0
|1 0
|2 ddc
|4 0
|6 658_830000000000000_MAL_2007
|7 0
|9 46
|a BRACUL
|b BRACUL
|c REF
|d 2009-04-28
|g 790.00
|l 2
|m 15
|o 658.83 MAL
|p 3010017124
|r 2013-04-29
|s 2013-01-07
|t 1
|w 2009-04-28
|y RSV
|
| 952 |
|
|
|0 0
|1 0
|2 ddc
|4 0
|6 658_830000000000000_MAL_2007
|7 0
|9 9153
|a BRACUL
|b BRACUL
|c GEN
|d 2010-04-11
|l 25
|m 159
|o 658.83 MAL
|p 3010017126
|r 2025-02-10
|s 2024-11-13
|t 2
|w 2010-04-11
|y BK
|
| 952 |
|
|
|0 0
|1 3
|2 ddc
|4 0
|6 658_800000000000000_3_MAL_2007
|7 0
|9 9200
|a BRACUL
|b BRACUL
|c GEN
|d 2010-04-13
|g 790.00
|l 10
|m 54
|o 658.83 MAL
|p 3010017123
|r 2016-09-04
|s 2014-02-10
|t 3
|w 2010-04-13
|y BK
|x Lost and cost paid BDT-1580 by 13104144
|
| 952 |
|
|
|0 0
|1 0
|2 ddc
|4 0
|6 658_830000000000000_MAL_2007
|7 0
|9 12681
|a BRACUL
|b BRACUL
|c GEN
|d 2010-10-24
|l 23
|m 167
|o 658.83 MAL
|p 3010017125
|r 2024-06-09
|s 2024-05-12
|t 4
|w 2010-10-24
|y BK
|